00366nam a2200133Ia 45000010005000000080041000050820022000461000054000682450037001222600024001595900007001839010027001909990015002172732241024s9999 xx 000 0 und d aRD/371.26/R426m/2 aRepública Dominicana. Ministerio de Educación 0aManual de elaboración de Items bSanto Domingoc2012 asi a14/1/2013 2:17:05 p.m. c8862d8862